Pokemon of the main cast Quiz Stats

 Plays Quiz not verified by Sporcle

Score 0/138 Timer 12:00
0 Plays Today
Trainer: Pokemon: % Correct
ASHPIKACHU
97.8%
ASHBULBASAUR
94%
MAYBULBASAUR
94%
ASHCHARMANDER
92.7%
ASHSQUIRTLE
92.5%
MAYSQUIRTLE
92.5%
ASHCHARIZARD
91%
ASHBUTTERFREE
90.1%
ASHCATERPIE
88.6%
ASHPIDGEOT
87.6%
ASHCHARMELEON
87.4%
ASHMETAPOD
86.6%
BROCKONIX
84.9%
ASHPIDGEOTTO
84.7%
BROCKGEODUDE
83.2%
MISTYSTARYU
83%
MISTYSTARMIE
82.8%
JESSIEARBOK
76.9%
JAMESKOFFING
76.4%
JAMESWEEZING
76.2%
JESSIEEKANS
74.5%
MISTYTOGEPI
73.8%
ASHTAUROS
73.5%
ASHLAPRAS
73.3%
MISTYPSYDUCK
73%
ASHCYNDAQUIL
72.4%
DAWNCYNDAQUIL
72.4%
ASHKRABBY
71.6%
ASHCHIKORITA
70.9%
DAWNPIPLUP
69.9%
ASHSNORLAX
69.4%
ASHTOTODILE
69.2%
ASHMUK
68.2%
MISTYGOLDEEN
68%
MAYTORCHIC
67.5%
ASHKINGLER
67%
ASHBAYLEEF
67%
BROCKZUBAT
66.3%
ASHTREECKO
65.5%
MAYBLAZIKEN
63.8%
BROCKVULPIX
63.4%
ASHSCEPTILE
61.7%
MISTY HORSEA
61.7%
MAYCOMBUSKEN
61.7%
ASHCHIMCHAR
61.2%
ASHGROVYLE
61.1%
Trainer: Pokemon: % Correct
BROCKMUDKIP
60.9%
ASHHAUNTER
60.5%
BROCKGOLBAT
60.5%
ASHNOCTOWL
60%
ASHTURTWIG
59.5%
MISTYTOGETIC
59.5%
JAMESVICTREEBEL
59.5%
MISTYGYARADOS
58.3%
JAMESGYARADOS
58.3%
ASHAIPOM
58.2%
MAYIVYSAUR
58.2%
DAWNAIPOM
58.2%
ASHPRIMEAPE
58%
ASHINFERNAPE
58%
BROCKCROBAT
58%
MAYEEVEE
57.1%
ASHMONFERNO
56.8%
MAYVENUSAUR
56.6%
ASHSTARAPTOR
56.3%
ASHHERACROSS
56.1%
ASHSTARLY
56.1%
MAYWARTORTLE
56%
TRACEYSCYTHER
54.9%
ASHSTARAVIA
54.3%
ASHTORTERRA
54.3%
TRACEYMARILL
54.3%
BROCKSTEELIX
53.9%
ASHSWELLOW
53.6%
JAMESMAGIKARP
53.6%
ASHRATICATE
53.4%
ASHGROTLE
53.4%
MAYBEAUTIFLY
52.9%
JESSIELICKITUNG
52.7%
ASHBUIZEL
52.4%
DAWNBUIZEL
52.4%
ASHTAILLOW
52%
JAMESCACNEA
51.7%
JAMESGROWLITHE
51.5%
MAYWURMPLE
51.2%
JESSIEWURMPLE
51.2%
DAWNAMBIPOM
50.5%
BROCKMARSHTOMP
50.3%
MAYGLACEON
50.2%
JESSIEWOBBUFFET
50.2%
MISTYPOLIWHIRL
49.8%
JAMESWEEPINBELL
49.8%
Trainer: Pokemon: % Correct
JESSIESEVIPER
49.8%
JESSIEDUSTOX
49.8%
MAYSILCOON
49.7%
MISTYPOLIWAG
49.1%
BROCKSUDOWOODO
47.8%
ASHQUILAVA
47.8%
JESSIECASCOON
47.6%
ASHCORPHISH
47.1%
ASHDONPHAN
47.1%
DAWNBUNEARY
46.8%
ASHPHANPY
45.7%
ASHTORKOAL
45.6%
BROCKBONSLY
45.6%
DAWNTOGEKISS
45.4%
ASHGLISCOR
44.7%
DAWNMAMOSWINE
44.7%
ASHBEEDRILL
44.6%
MISTYCORSOLA
44.6%
ASHGLIGAR
44.4%
TRACEYVENONAT
44.4%
JAMESMIME JR.
44.2%
ASHLARVITAR
43.9%
MISTYPOLITOED
43.9%
DAWNPACHIRISU
43.7%
JAMESCARNIVINE
43.5%
DAWNPILOSWINE
43.2%
BROCKPINECO
43%
DAWNSWINUB
42.7%
JAMESCHIMECHO
42.7%
BROCKHAPPINY
41.8%
ASHGIBLE
41.5%
BROCKFORRETRESS
41.5%
BROCKLOTAD
41.3%
ASHSNORUNT
40.6%
MAYSKITTY
40.6%
ASHGLALIE
40.5%
BROCKCROAGUNK
40.3%
BROCKLOMBRE
40.1%
BROCKLUDICOLO
40.1%
MAYMUNCHLAX
39.1%
MISTYAZURILL
33.8%
JESSIEYANMEGA
32.5%
JESSIEYANMA
31.5%
MISTYLUVDISC
30.3%
JAMESHOPPIP
22.3%
JESSIESHELLDER
20.6%

You're not logged in!

Compare scores with friends on all Sporcle quizzes.
OR
Log In

You Might Also Like...

Show Comments

Extras

Top Quizzes Today


Score Distribution

Your Account Isn't Verified!

In order to create a playlist on Sporcle, you need to verify the email address you used during registration. Go to your Sporcle Settings to finish the process.

Report this User

Report this user for behavior that violates our Community Guidelines.

Details: